000 00342pam a2200145a 44500
008 230405s1964 xxu||||| |||| 00| 0 eng d
041 _aENG
245 _aAll India Reporter
260 _aPune
_bHind Law House
_c1964
300 _a1920p.
440 _aHind Law House
650 _aALL INDIA REPORTER
690 _aREPORTS
906 _a3923
999 _c875534
_d875534